Bệnh thất nhân tâm

Đã lưu trong:
Sonraí Bibleagrafaíochta
Príomhúdar: Hoàng, Xuân Việt
Formáid: Leabhar
Teanga:Vietnamese
Foilsithe: Đồng Tháp T.H Đồng Tháp 1995
Ábhair:
Clibeanna: Cuir Clib Leis
Gan Chlibeanna, Bí ar an gcéad duine leis an taifead seo a chlibeáil!
Thư viện lưu trữ: Mạng thư viện Đại học Đà Nẵng
LEADER 00940nam a2200301 4500
001 000013870
003 10217
005 20120326070312.0
008 120326s1995 viesd
020 |c 27000đ 
041 0 |a vie 
082 |a 158.2  |b HO-V 
100 0 |a Hoàng, Xuân Việt 
245 0 |a Bệnh thất nhân tâm  |c Hoàng Xuân Việt 
260 |a Đồng Tháp  |b T.H Đồng Tháp  |c 1995 
300 |a 359 tr.  |c 19 cm 
653 |a Bệnh 
653 |a Thất nhân tâm 
OWN |a LSP 
AVA |a UDN50  |b LSP  |d 158.2 HO-V  |e available  |t Error 5001 Not defined in file expand_doc_bib_avail.  |f 1  |g 0  |h N  |i 0  |k 1 
999 |a From the UDN01 
AVA |a UDN50  |b LSP  |d 158.2 HO-V  |e available  |t Error 5001 Not defined in file expand_doc_bib_avail.  |f 1  |g 0  |h N  |i 0  |k 1 
TYP |a Monograph 
TYP |a Printed language 
980 |a Mạng thư viện Đại học Đà Nẵng